000 00980nam a2200265Ia 4500
003 OSt
005 20221005104522.0
006 a|||||r|||| 00| 0
007 ta
008 221004b |||||||| |||| 00| 0 hin d
020 _a81857268009 (hbk)
_c250
024 _a121069
037 _b13326, 14/07/2012, Kitab Ghar
_cTextual
040 _aCRL
_cCRL
_bhin
041 _2hin
_ahin
082 _aY:49(Q).2, 152Q0
100 _aमुळे, गुणाकर
245 0 _aइतिहास संस्कृति और सांप्रदायिकता
246 _aItihās sanskṛuti aur sāanpradāyikatā
260 _aदिल्ली
_bयात्री प्रकाशन भारत
_c2010
300 _a157पृ0
_ccm.
650 _aभारतीय-लोक साहित्य
942 _hY:49(Q).2, 152Q0
_cTEXL
_2cc
999 _c1012957
_d1012957